000 01073cam a2200193 4500
001 ##L131766
008 051207n2005 000 0 eng u
035 _a(Sirsi) u131766
041 0 _aeng
050 0 4 _a693.97 $2 18
110 1 _aUnited Kingdom
_bNational Audit Office
_91350
245 0 0 _aUsing modern methods of construction to build homes more quickly and efficiently
_h[electronic resource]
260 _aLondon
_bNAO
_c2005
520 _aFinds that modern methods of construction should make it possible to build up to four times as many homes than with traditional techniques with the same amount of on-site labour, while on-site construction time can be reduced by up to half. Building performance can be at least as good as with traditional building methods but average costs of modern methods are currently higher than average costs of traditional methods.
590 _aIKA061205
690 _aBUILT ENVIRONMENT-CONSTRUCTION DESIGN
856 4 0 _uhttps://www.nao.org.uk/pn/05-06/mmc.htm
_zView the report free of charge at www.nao.gov.uk...
942 _n0
999 _c104834
_d104834